Superheroes by Picture - Statistics

General Stats
  • This quiz has been taken 377 times
  • The average score is 15 of 16
Answer Stats
Picture Answer % Correct
Batman
99%
Captain America
99%
Iron Man
99%
Spider Man
99%
Thor
96%
Black Panther
95%
Wonder Woman
94%
Aquaman
93%
Catwoman
92%
Ant-Man
91%
Black Widow
90%
Supergirl
90%
Batgirl
84%
Captain Marvel
84%
Batwoman
80%
Green Arrow
78%
No matching quizzes found
Score Distribution
Percent of People with Each Score
Percentile by Number Answered
Your Score History
You have not taken this quiz